000
00263 a2200121 4500
001
60598
082
_a
530 SAL
090
_c
37026
_d
37026
100
_a
Saleemi,Fouzia
245
_a
Physics-II
260
_a
Lahore
_b
Pubjab Textbook Board
_c
2005
300
_a
280 p
942
_a
NUST-CAE
_k
530 SAL
999
_c
295671
_d
295671